Normal view
MARC view
- Niazi, Liaquat Ali Khan,
Entry Personal Name
001 - CONTROL NUMBER
- control field: 3742
003 - CONTROL NUMBER IDENTIFIER
- control field: NUST
005 - DATE AND TIME OF LATEST TRANSACTION
- control field: 20170806110907.0
008 - FIXED-LENGTH DATA ELEMENTS
- fixed length control field: 170806|| aca||aabn | a|a d
040 ## - CATALOGING SOURCE
- Original cataloging agency: NUST
- Transcribing agency: NUST
100 ## - HEADING--PERSONAL NAME
- Personal name: Niazi, Liaquat Ali Khan,
- Relator term: author.
670 ## - SOURCE DATA FOUND
- Source citation: Work cat.: (NUST)0: Niazi, Liaquat Ali Khan, author., An introduction to the Punjab Government archives :
